Biblical interpretation : (Record no. 42337)

MARC details
000 -LEADER
fixed length control field 00554 a2200169 4500
008 - FIXED-LENGTH DATA ELEMENTS--GENERAL INFORMATION
fixed length control field 131024b xxu||||| |||| 00| 0 eng d
020 ## - INTERNATIONAL STANDARD BOOK NUMBER
International Standard Book Number 9780801047824
050 ## - LIBRARY OF CONGRESS CALL NUMBER
Classification number BS475
Item number .T375 2008
100 ## - MAIN ENTRY--PERSONAL NAME
Personal name Tate, W. Randolph
245 ## - TITLE STATEMENT
Title Biblical interpretation :
Remainder of title an integrated approach /
Statement of responsibility, etc W. Randolph Tate
250 ## - EDITION STATEMENT
Edition statement 3rd. ed.
260 ## - PUBLICATION, DISTRIBUTION, ETC. (IMPRINT)
Date of publication, distribution, etc 2008
Name of publisher, distributor, etc Baker Academic
Place of publication, distribution, etc Grand Rapids, MI
300 ## - PHYSICAL DESCRIPTION
Extent xviii, 380 p. :
Other physical details |ill. ;
Dimensions 24 cm.
500 ## - GENERAL NOTE
General note Includes bibliographical references and indexes.
650 ## - SUBJECT ADDED ENTRY--TOPICAL TERM
Topical term or geographic name as entry element Bible
General subdivision Hermeneutics.
942 ## - ADDED ENTRY ELEMENTS (KOHA)
Item type Book
Source of classification or shelving scheme Library of Congress Classification
Holdings
Withdrawn status Lost status Source of classification or shelving scheme Damaged status Not for loan Collection code Home library Current library Shelving location Date acquired Source of acquisition Cost, normal purchase price Total Checkouts Total Renewals Full call number Barcode Date last seen Date last borrowed Copy number Price effective from Koha item type
    Library of Congress Classification     Non-fiction Bishop Okullu Memorial Library (Limuru Campus) Bishop Okullu Memorial Library (Limuru Campus) General Circulation 24/10/2013 purchase 2150.00 25 5 BS476 .T375 2008 037360 09/12/2024 02/12/2024 1 24/10/2013 Book